Electronics Manufacturing: (Record no. 595446)

000 -LEADER
fixed length control field 00457nam a22001457a 4500
020 ## - INTERNATIONAL STANDARD BOOK NUMBER
International Standard Book Number 0071386246
040 ## - CATALOGING SOURCE
Transcribing agency NUST
082 ## - DEWEY DECIMAL CLASSIFICATION NUMBER
Classification number 621.381 ELE
100 ## - MAIN ENTRY--PERSONAL NAME
Personal name John, H.Lau
9 (RLIN) 52198
110 ## - MAIN ENTRY--CORPORATE NAME
Corporate name or jurisdiction name as entry element Wong c.P Ning,Cheng Lee Ricky, Lee S.W
9 (RLIN) 114059
245 ## - TITLE STATEMENT
Title Electronics Manufacturing:
Remainder of title With Lead Free, Halogen Free & Conductive- Adhesive Materials
260 ## - PUBLICATION, DISTRIBUTION, ETC.
Place of publication, distribution, etc. America
Name of publisher, distributor, etc. Mcgraw Hill,
Date of publication, distribution, etc. 2003.
650 ## - SUBJECT ADDED ENTRY--TOPICAL TERM
Topical term or geographic name entry element Electronics Manufacturing
9 (RLIN) 114060
942 ## - ADDED ENTRY ELEMENTS (KOHA)
Source of classification or shelving scheme
Koha item type Book
Holdings
Withdrawn status Lost status Source of classification or shelving scheme Damaged status Not for loan Permanent Location Current Location Shelving location Date acquired Total Checkouts Full call number Barcode Date last seen Price effective from Koha item type
          College of Electrical & Mechanical Engineering (CEME) College of Electrical & Mechanical Engineering (CEME) Text Books 08/08/2023   621.381 ELE CEME-41086 08/08/2023 08/08/2023 Book
© 2023 Central Library, National University of Sciences and Technology. All Rights Reserved.